The admiralty list of wireless signals (Record no. 1550)

MARC details
000 -LEADER
fixed length control field 00374nam a2200145Ia 4500
003 - CONTROL NUMBER IDENTIFIER
control field IN-BaIIA
008 - FIXED-LENGTH DATA ELEMENTS--GENERAL INFORMATION
fixed length control field 211028s9999 xx 000 0 eng d
040 ## - CATALOGING SOURCE
Transcribing agency IIA Library
080 ## - UNIVERSAL DECIMAL CLASSIFICATION NUMBER
Universal Decimal Classification number 621
Item number EDG
110 ## - MAIN ENTRY--CORPORATE NAME
Corporate name or jurisdiction name as entry element Admiralty
9 (RLIN) 3122
245 #4 - TITLE STATEMENT
Title The admiralty list of wireless signals
Remainder of title vol. II
Statement of responsibility, etc. Admiralty
260 ## - PUBLICATION, DISTRIBUTION, ETC.
Place of publication, distribution, etc. London
Date of publication, distribution, etc. 1934
650 ## - SUBJECT ADDED ENTRY--TOPICAL TERM
Topical term or geographic name entry element Wireless signals
9 (RLIN) 3123
942 ## - ADDED ENTRY ELEMENTS (KOHA)
Koha item type Books
Holdings
Withdrawn status Lost status Damaged status Not for loan Home library Current library Shelving location Date acquired Total Checkouts Full call number Barcode Date last seen Price effective from Koha item type
        IIA Library-Bangalore IIA Library-Kodaikanal General Stacks     621/ EDG 1674 05/11/2021   Books

Powered by Koha